00314nam a2200121Ia 4500008004000000020001800040082001800058100003300076245002500109260003700134300001000171650001100181210210b1993 xxu||||| |||| 00| 0 eng d a81 237 0199 3 a330.9545 MAVG aTIWANA (D S) and MAVI (H S). aGeography of Punjab. aIndiabNational Book Trustc1993 ax,162 aPunjab